LDR 00737naa#a2200181#i#450# 001 EN\\bibl\96908 005 20260417164950.5 011 ## _a2071-7318 100 ## _a20260409b2026####ek#y0engy0150####ca 102 ## _aRU 200 1# _aINDUSTRIAL FACILITIES OF THE 19TH–20TH CENTURIES IN THE CITY OF VYBORG _eJournal article 210 1# _aBelgorod _cBelgorod State Technological University named after V.G. Shukhov _d2026 215 ## _a13 с. 608 ## _aJournal article _2local 675 ## _aОбщественные и промышленные здания. Гражданская архитектура и гражданское строительство в целом. 725 _z 700 #1 _aBystrova _gU. I. 700 #1 _aShuvaeva _gE. Y. 856 4# _anaukaru.ru _u